Catálogo
 En Linea

Kinchil / (Registro nro. 39816)

Detalles MARC
000 -CABECERA
campo de control de longitud fija 00715nam a2200217 a 4500
001 - NÚMERO DE CONTROL
campo de control 000040326
005 - FECHA Y HORA DE LA ÚLTIMA TRANSACCIÓN
campo de control 20201002034047.0
008 - DATOS DE LONGITUD FIJA--INFORMACIÓN GENERAL
campo de control de longitud fija 130821s2005 mx 000 0 spa d
020 ## - NÚMERO INTERNACIONAL ESTÁNDAR DEL LIBRO
Número Internacional Estándar del Libro 9703223913
040 ## - FUENTE DE LA CATALOGACIÓN
Centro catalogador/agencia de origen DO-SdBNP
Lengua de catalogación spa
Centro/agencia transcriptor BNPHU
100 1# - ENTRADA PRINCIPAL--NOMBRE DE PERSONA
Nombre de persona Guzmán, Matín Luis
9 (RLIN) 66620
245 13 - MENCIÓN DE TÍTULO
Título Kinchil /
Mención de responsabilidad, etc. Martín Luis Guzmán ; viñetas de Alfredo Zalce.
260 ## - PUBLICACIÓN, DISTRIBUCIÓN, ETC.
Lugar de publicación, distribución, etc. México :
Nombre del editor, distribuidor, etc. Universidad Nacional Autónoma de México,
Fecha de publicación, distribución, etc. 2005.
300 ## - DESCRIPCIÓN FÍSICA
Extensión 34 p. ;
Dimensiones 22 cm.
490 1# - MENCIÓN DE SERIE
Mención de serie Lunes
Designación de volumen o secuencia 25
500 ## - NOTA GENERAL
Nota general Incluye datos biográficos del autor p. 3
533 ## - NOTA DE REPRODUCCIÓN
Tipo de reproducción Facsímil:
Lugar de la reproducción México
Fecha de la reproducción 1946
700 1# - PUNTO DE ACCESO ADICIONAL--NOMBRE DE PERSONA
Nombre de persona Zalce, Alfredo
9 (RLIN) 66621
710 0# - PUNTO DE ACCESO ADICIONAL--NOMBRE DE ENTIDAD CORPORATIVA
Nombre de entidad corporativa o nombre de jurisdicción como elemento de entrada Universidad Nacional Autónoma de México
9 (RLIN) 42447
830 #0 - PUNTO DE ACCESO ADICIONAL DE SERIE-TÍTULO UNIFORME
Título uniforme Lunes
Designación de volumen o secuencia 25
9 (RLIN) 66616
Existencias
Estado de retiro Estado de pérdida Restricciones de uso No para préstamo Código de colección Localización permanente Ubicación/localización actual Ubicación en estantería Fecha de adquisición Número de inventario Total de préstamos Signatura topográfica completa Código de barras Fecha visto por última vez Número de copia Precio válido a partir de Tipo de ítem Koha
      Excluido de préstamo Monografías: Libros y Folletos General General En catalogación 21.08.2013 LF1   40326-10 25.06.2020 e. 2 25.06.2020 No se presta
      Excluido de préstamo Monografías: Libros y Folletos General General En catalogación 21.08.2013 LF1   40326-20 25.06.2020 e. 3 25.06.2020 No se presta
      Excluido de préstamo Monografías: Libros y Folletos General General En catalogación 21.08.2013 LF1   40326-30 25.06.2020   25.06.2020 No se presta

Con tecnología Koha